书目信息 |
| 题名: |
微分几何讲义
|
|
| 作者: | 陈省身 , 陈维桓 著 | |
| 分册: | ||
| 出版信息: | 北京 北京大学出版社 2001.10 |
|
| 页数: | 375页 | |
| 开本: | 21cm | |
| 丛书名: | 北京大学数学丛书 | |
| 单 册: | ||
| 中图分类: | O186.1 , O186.1 | |
| 科图分类: | ||
| 主题词: | 微分几何--wei fen ji he | |
| 电子资源: | ||
| ISBN: | 7-301-05151-4 | |
| 000 | 01180nam0 2200397 450 | |
| 000 | 02793nam0 2201045 450 | |
| 000 | 02756nam0 2201033 450 | |
| 000 | 02719nam0 2201021 450 | |
| 000 | 02682nam0 2201009 450 | |
| 000 | 02215nam0 2200877 450 | |
| 000 | 02178nam0 2200865 450 | |
| 000 | 02135nam0 2200853 450 | |
| 000 | 02093nam0 2200841 450 | |
| 000 | 02056nam 2200829 450 | |
| 001 | CAL 012002016632 | |
| 005 | 20050913160046.33 | |
| 010 | @a7-301-05151-4@dCNY 21.00 | |
| 099 | @aCAL 012002016632 | |
| 100 | @a20011126d2001 em y0chiy0121 ea | |
| 101 | 0 | @achi |
| 102 | @aCN@b110000 | |
| 105 | @aak a 001yy | |
| 200 | 1 | @a微分几何讲义@Awei fen ji he jiang yi@f陈省身, 陈维桓著 |
| 205 | @a第2版 | |
| 210 | @a北京@c北京大学出版社@d2001.10 | |
| 215 | @a375页@c图@d21cm | |
| 225 | 2 | @a北京大学数学丛书@Abei jing da xue shu xue cong shu |
| 320 | @a有书目(第370-371页)和索引 | |
| 410 | 0 | @12001 @a北京大学数学丛书 |
| 606 | 0 | @a微分几何@Awei fen ji he |
| 690 | @aO186.1@v4 | |
| 690 | @aO186.1@v4 | |
| 701 | 0 | @a陈省身@Achen xing shen@4著 |
| 701 | 0 | @a陈维桓@Achen wei huan@4著 |
| 801 | 0 | @c20050913 |
| 905 | @a10447@dO186.1@eC560 | |
| 微分几何讲义/陈省身, 陈维桓著.-第2版.-北京:北京大学出版社,2001.10 |
| 375页:图;21cm.-(北京大学数学丛书) |
| ISBN 7-301-05151-4:CNY 21.00 |
| ● |
| 相关链接 |
|
|
|
正题名:微分几何讲义
索取号:O186.1/C560
 
预约/预借
| 序号 | 登录号 | 条形码 | 馆藏地/架位号 | 状态 | 备注 |
| 1 | 551636 | 205516360 | 自科库401/401自科库 76排1列3层/ [索取号:O186.1/C560] | 在馆 | |
| 2 | 551637 | 205516379 | 自科库401/401自科库 76排1列3层/ [索取号:O186.1/C560] | 在馆 | |
| 3 | 551638 | 205516388 | 自科库401/401自科库 76排1列3层/ [索取号:O186.1/C560] | 在馆 |